Historia : el mundo contemporáneo :
Guardado en:
| Autor Principal: | |
|---|---|
| Otros Autores: | , , , , |
| Formato: | Libro |
| Publicado: |
Buenos Aires :
Estrada,
1999
|
| Series: | Libros con libros
|
| Materias: | |
| Etiquetas: |
Agregar Etiqueta
Sin Etiquetas, Sea el primero en etiquetar este registro!
|
| LEADER | 01819nam a22004215a 4500 | ||
|---|---|---|---|
| 001 | CEM.cems017295 | ||
| 008 | 130507s1999##################000#0#####d | ||
| 005 | 20211112143148.0 | ||
| 003 | CEMS | ||
| 245 | 1 | 0 | |a Historia : |b el mundo contemporáneo : |c María Elena Barral ... [et Al.] |
| 260 | |a Buenos Aires : |b Estrada, |c 1999 | ||
| 300 | |a 319 p. | ||
| 490 | 0 | |a Libros con libros | |
| 505 | 0 | |a El ciclo de las revoluciones (1750-1850) -- El ciclo de la expansión capitalista (1850-1914) -- El período de las guerras mundiales (1914-1945) -- De la guerra fría a la gobalización (1945-2000) | |
| 020 | |a 9500107643 | ||
| 100 | 1 | |a Barral, María Elena | |
| 700 | 1 | |a Blasco, María Élida | |
| 700 | 1 | |a Bragoni, Beatriz | |
| 700 | 1 | |a Gil Lozano, Fernanda | |
| 700 | 1 | |a Pineau, Liliana M. | |
| 700 | 1 | |a Saab, Jorge | |
| 082 | 0 | 4 | |a 940.2 |
| 653 | |a Revolución industrial | ||
| 653 | |a Revoluciones americanas | ||
| 653 | |a Primera guerra mundial | ||
| 653 | |a Historia-polimodal | ||
| 653 | |a Historia | ||
| 859 | |a CEMS |b BIB. CEMS - Agricultura |h 940.2 |i B272 |p A0054.00 |t Ej.1 | ||
| 859 | |a CEMS |b BIB. CEMS - 11 de abril |h 940.2 |i B272 |p 20691.00 |t Ej.1 | ||
| 859 | |a CEMS |b BIB. CEMS - Agricultura |h 940.2 |i B272 |p A0056.00 |t Ej.2 | ||
| 859 | |a CEMS |b BIB. CEMS - 11 de abril |h 940.2 |i B272 |p 20692.00 |t Ej.2 | ||
| 859 | |a CEMS |b BIB. CEMS - Agricultura |h 940.2 |i B272 |p A0058.00 |t Ej.3 | ||
| 859 | |a CEMS |b BIB. CEMS - 11 de abril |h 940.2 |i B272 |p 22232.03 |t Ej.3 | ||
| 859 | |a CEMS |b BIB. CEMS - Agricultura |h 940.2 |i B272 |p A0626.06 |t Ej.4 | ||
| 859 | |a CEMS |b BIB. CEMS - 11 de abril |h 940.2 |i B272 |p 22461.04 |t Ej.4 | ||
| 859 | |a CEMS |b BIB. CEMS - Agricultura |h 940.2 |i B272 |p A3021.18 |t Ej.5 | ||
| 859 | |a CEMS |b BIB. CEMS - 11 de abril |h 940.2 |i B272 |p 25106.08 |t Ej.5 | ||
| 859 | |a CEMS |b BIB. CEMS - 11 de abril |h 940.2 |i B272 |p 25107.08 |t Ej.6 | ||
